1552 1159 1839 1658 1049 1719 1238 1521 1617 1014 1022 1642 1625 1585 1947 1454 1514 1204 1303 1441 1375 1690 1900 1349 1132 1361 1220 1342 1104 1393 1464 1550 1461 1330 1616 1117 1933 1604 1018 1348 1315 1307 1712 1381 1577 1868 1622 1018 1170 1849 1121 1778 1774 1886 1333 1943 1943 1185 1899 1471 1341 1516 1755 1046 1884 1712 1862 1059 1871 1427 1179 1853 1619 1777 1604 1993 1586 1908 1043 1267 1849 1933 1469 1345 1938 1543 1141 1238 1432 1278 1263 1981 1779 1190 1842 1750 1437 1401 1675 BCNSPRNW ULIB Ver.6.0+V

เปลี่ยนเป็นภาษาไทย

Change to English
 แสดงรายละเอียดบรรณานุกรม
  กลับหน้าหลัก

Brief Record : Get Marc (ISO 2709) : E-mail record : QR code < ปิดหน้าต่าง
LEADER : 00000nam 2200000uu 4500
001    13399109963
003     ULIB
008    110419s2550||||th 000 0 tha d
020    9789749508886
060 04 WE708^bส793ป 2550
100 0  สุรศักดิ์ ศรีสุข
245 10 ปวดคอ /^cโดย สุรศักดิ์ ศรีสุข, เล็ก ปริวิสุทธิ์, นวลอนงค์ชัยปิยะพร
250    ฉบับแก้ไขปรับปรุง ครั้งที่ 7
260    กรุงเทพฯ :^bหมอชาวบ้าน,^c2550
300    40 หน้า :^bภาพประกอบ ;^c21 ซม.
440  0 คู่มือรักษาตนเองชุดปวดข้อ
650  7 ปวดคอ
650  7 ปวดคอ^xกายภาพบำบัด
700 0  เล็ก ปริวิสุทธิ์
700 0  นวลอนงค์ ชัยปิยะพร
945    ^p50^l0^i025338
945    ^p50^l0^i025337
995    ทศพร
999 ^a ใช้งานได้ทุกระบบ
รายการนี้ยังไม่มีแท็ก
คุณยังไม่ได้ล็อกอิน คุณสามารถมีกิจกรรมร่วมกับเว็บไซต์ได้ แต่ต้องล็อกอินก่อน ::
  ล็อกอิน

รายการสื่อสารสนเทศ

ลำดับที่ ประเภท เลขเรียก/บาร์โค้ด สถานที่ สถานะ
- ไม่พบข้อมูล -

รายการใกล้เคียง
    ผู้แต่ง [สุรศักดิ์ ศรีสุข]

    หัวเรื่อง [ปวดคอ]

BibComment


ยังไม่เคยถูกคอมเมนท์

คอมเมนท์ทรัพยากรรายการนี้
  คอมเมนท์: ปวดคอ โดย สุรศัก..


 Copyright 2026. Bcnsprnw @Library